00487nam a2200169Ia 450000500170000000800410001708200130005810000200007124500270009126000460011830000120016465000110017665000140018794200060020195200950020799900150030220241004002733.0240331s9999 xx 000 0 und d bARAa820 aArasanayagam, J 0aFragments of a journey aKandybT.B.S. Godamunne & Sons Ltdc1992 a86 p ., aSocial aPolitical cL 001040708LaWERCLbWERCLcSSCd2024-03-31l0o 820 ARAp1319r2024-03-31w2024-03-31yL c4344d4344